<?xml version="1.0" encoding="UTF-8"?>
<record
    xmlns:xsi="http://www.w3.org/2001/XMLSchema-instance"
    xsi:schemaLocation="http://www.loc.gov/MARC21/slim http://www.loc.gov/standards/marcxml/schema/MARC21slim.xsd"
    xmlns="http://www.loc.gov/MARC21/slim">

  <leader>01162nam a2200265 a 4500</leader>
  <controlfield tag="001">79169</controlfield>
  <controlfield tag="003">BD-RjUL</controlfield>
  <controlfield tag="005">20220112152716.0</controlfield>
  <controlfield tag="008">220112s1992    le ||||| |||| 00| 0 ara d</controlfield>
  <datafield tag="035" ind1=" " ind2=" ">
    <subfield code="a">(BD-RjUL)79169</subfield>
  </datafield>
  <datafield tag="040" ind1=" " ind2=" ">
    <subfield code="a">HAI</subfield>
    <subfield code="b">eng</subfield>
    <subfield code="c">BD-RjUL</subfield>
  </datafield>
  <datafield tag="041" ind1="0" ind2=" ">
    <subfield code="a">ara</subfield>
  </datafield>
  <datafield tag="082" ind1=" " ind2=" ">
    <subfield code="2">23</subfield>
    <subfield code="a">956.94</subfield>
    <subfield code="b">KAF 1992</subfield>
  </datafield>
  <datafield tag="100" ind1="1" ind2=" ">
    <subfield code="a">Kanaana, Sharif ;; &#x643;&#x646;&#x627;&#x639;&#x646;&#x629;&#x60C; &#x634;&#x631;&#x64A;&#x641;</subfield>
    <subfield code="9">691</subfield>
  </datafield>
  <datafield tag="245" ind1="1" ind2="2">
    <subfield code="a">&#x627;&#x644;&#x641;&#x627;&#x644;&#x648;&#x62C;&#x629; ;; Fallujah /</subfield>
    <subfield code="c">[&#x634;&#x631;&#x64A;&#x641; &#x643;&#x646;&#x627;&#x639;&#x646;&#x629;&#x60C; &#x631;&#x634;&#x627;&#x62F; &#x627;&#x644;&#x645;&#x62F;&#x646;&#x64A;].Sherif Kanaana, Rashad Al-Mada</subfield>
  </datafield>
  <datafield tag="260" ind1=" " ind2=" ">
    <subfield code="a">&#x628;&#x64A;&#x631; &#x632;&#x64A;&#x62A; ;; bir zit :</subfield>
    <subfield code="b">&#x62C;&#x627;&#x645;&#x639;&#x629; &#x628;&#x64A;&#x631; &#x632;&#x64A;&#x62A;&#x60C; &#x645;&#x631;&#x643;&#x632; &#x627;&#x644;&#x648;&#x62B;&#x627;&#x626;&#x642; &#x648;&#x627;&#x644;&#x627;&#x628;&#x62D;&#x627;&#x62B; ;;  jamieat bir zit, markaz alwathayiq walabhathi,</subfield>
    <subfield code="c">1992</subfield>
  </datafield>
  <datafield tag="300" ind1=" " ind2=" ">
    <subfield code="a">190 &#x635;. :</subfield>
    <subfield code="b">&#x635;&#x648;&#x631; &#x61B;</subfield>
    <subfield code="c">&#x662;&#x667; &#x633;.</subfield>
  </datafield>
  <datafield tag="490" ind1="1" ind2=" ">
    <subfield code="a">alquraa alfilastiniat almudamirat ; ;   ; &#x627;&#x644;&#x642;&#x631;&#x649; &#x627;&#x644;&#x641;&#x644;&#x633;&#x637;&#x64A;&#x646;&#x64A;&#x629; &#x627;&#x644;&#x645;&#x62F;&#x645;&#x631;&#x629; </subfield>
    <subfield code="v">&#x667;</subfield>
  </datafield>
  <datafield tag="500" ind1=" " ind2=" ">
    <subfield code="a">&#x627;&#x644;&#x62A;&#x641;&#x627;&#x635;&#x64A;&#x644; &#x639;&#x646; &#x627;&#x644;&#x63A;&#x644;&#x627;&#x642;</subfield>
  </datafield>
  <datafield tag="651" ind1=" " ind2="4">
    <subfield code="a">al-Falujah (Israel)</subfield>
    <subfield code="9">700</subfield>
  </datafield>
  <datafield tag="700" ind1="1" ind2=" ">
    <subfield code="a">&#x627;&#x644;&#x645;&#x62F;&#x646;&#x64A;&#x60C; &#x631;&#x634;&#x627;&#x62F;</subfield>
    <subfield code="9">701</subfield>
  </datafield>
  <datafield tag="830" ind1=" " ind2="0">
    <subfield code="a">&#x627;&#x644;&#x642;&#x631;&#x649; &#x627;&#x644;&#x641;&#x644;&#x633;&#x637;&#x64A;&#x646;&#x64A;&#x629; &#x627;&#x644;&#x645;&#x62F;&#x645;&#x631;&#x629;</subfield>
  </datafield>
  <datafield tag="830" ind1=" " ind2="0">
    <subfield code="a">alquraa alfilastiniat almudamirat ;  &#x61B;;;  &#x627;&#x644;&#x642;&#x631;&#x649; &#x627;&#x644;&#x641;&#x644;&#x633;&#x637;&#x64A;&#x646;&#x64A;&#x629; &#x627;&#x644;&#x645;&#x62F;&#x645;&#x631;&#x629; &#x61B;</subfield>
    <subfield code="v">&#x667;  [ 7]</subfield>
    <subfield code="9">702</subfield>
  </datafield>
  <datafield tag="942" ind1=" " ind2=" ">
    <subfield code="2">ddc</subfield>
    <subfield code="c">BK</subfield>
  </datafield>
  <datafield tag="999" ind1=" " ind2=" ">
    <subfield code="c">79169</subfield>
    <subfield code="d">79169</subfield>
  </datafield>
  <datafield tag="952" ind1=" " ind2=" ">
    <subfield code="0">0</subfield>
    <subfield code="1">0</subfield>
    <subfield code="2">ddc</subfield>
    <subfield code="4">0</subfield>
    <subfield code="7">1</subfield>
    <subfield code="8">NFIC</subfield>
    <subfield code="a">RUCL</subfield>
    <subfield code="b">RUCL</subfield>
    <subfield code="c">Reading</subfield>
    <subfield code="d">1996-08-29</subfield>
    <subfield code="e">V.C. Office  Rajshahi university</subfield>
    <subfield code="l">0</subfield>
    <subfield code="o">A 956.94 KAF 1992</subfield>
    <subfield code="r">2022-01-12 00:00:00</subfield>
    <subfield code="t">C-1</subfield>
    <subfield code="w">2022-01-12</subfield>
    <subfield code="y">BK</subfield>
  </datafield>
</record>
